000
00198 a2200097 4500
020
_a
9780673758316
041
_a
spa
100
_a
Tatler, Sarah
245
_a
A la escuela de los grillos
942
_c
BK
999
_c
31936
_d
31934